000 00412nam a22001457a 4500
005 20170213124255.0
008 170213b xxu||||| |||| 00| 0 eng d
050 _aBX2435.O45
100 _aO'Leary, Brian
_910761
245 _aRadical and free
_cby O'Leary, Brian
260 _aDublin
_bMessenger Productions
_c2016
300 _a98p.;
_c21cm.
650 _aReligious life
_95701
942 _2lcc
_cMONOGRAPH
999 _c126101
_d126101